| 000 | 01344cam a22001814a 4500 | ||
|---|---|---|---|
| 005 | 20250605164029.0 | ||
| 008 | 250528s ||||||||||||||||||||||||d | ||
| 035 | _a16546 | ||
| 040 |
_aGR-AtMCL _bgre _dGR-AtMCL _eAACR2 |
||
| 245 | 1 | _aΟι Τάσεις των Μ.Μ.Ε. στην Ελλαδα / Μία Κατ' Εξοχήν Ποσοτική Αποτύπωση | |
| 260 |
_bΙνστιτούτο Οπτικοακουστικών Μέσων, _c1997 |
||
| 300 | _a46 | ||
| 520 | _aΔεδομένα και πληροφορίες από την Υλοποίηση ερευνών στο ευρύ φάσμα της οπτικοακουστικής Επικοινωνίας. Εισαγωγικά, Το Γενικό Πλαίσιο, Οι Ποσοτικές Όψεις του Ελληνικού Τοπίου των Μ.Μ.Ε., Η Διαφημιστική Δαπάνη, Τα Μ.Μ.Ε., Οι Εφημερίδες, Τα Περιοδικά, Το Ραδιόφωνο, Η Τηλεόραση, Η Άποψη των Τηλεθεατών, Η Άποψη της Διαφημιστικής Αγοράς, Ο Κινηματογράφος και οι Κινηματογραφικές Ταινίες, Η Έρευνα των Μ.Μ.Ε. στην Ελλάδα. | ||
| 700 | 1 |
_aΧαιρετάκης Μανώλης Δρ _92646 |
|
| 942 | _cBK | ||
| 999 |
_c2038 _d2038 |
||